000 00315nam a22001337a 4500
008 171030b xxu||||| |||| 00| 0 eng d
020 _a9780078025464
041 _aeng
080 _a33
100 _a58
101 _aBUS
245 _aTAXATION OF INDIVIDUALS AND BUSINESS ENTITITES
_cSPILKER, B
942 _2udc
_cBK
999 _c36521
_d36521